NFL Players Multi-Teams - Statistics

General Stats
  • This quiz has been taken 7 times
  • The average score is 11 of 16
Answer Stats
Position Team 1 Team 2 Team 3 Team 4 Team 5 Answer % Correct
WR 49ers Eagles Cowboys Bills Seahawks Terrell Owens
100%
WR Giants Browns Rams Ravens Dolphins Odell Beckham Jr
86%
WR Texans Titans Cardinals Chiefs Ravens DeAndre Hopkins
71%
CB Falcons 49ers Cowboys Redskins Ravens Deion Sanders
71%
S Jaguars Rams Dolphins Steelers Jalen Ramsey
71%
LB Raiders Bears Chargers Khalil Mack
71%
RB BIlls Seahawks Raiders Seahawks Marshawn Lynch
71%
S Dolphins Steelers Dolphins Jets Minkah Fitzpatrick
71%
DT Lions Dolphins Rams Buccaneers Eagles Ndamukong Suh
71%
QB Jets Panthers 49ers Vikings Seahawks Sam Darnold
71%
RB Bears Lions Texans David Montgomery
57%
RB 49ers Colts Dolphins Bills Jets Frank Gore
57%
WR Falcons Titans Buccaneers Eagles Julio Jones
57%
QB Bears Steelers Jets Chiefs Justin Fields
57%
QB Packers Rams Giants Cardinals Kurt Warner
57%
DE Saints Bengals Ravens Trey Hendrickson
57%
No matching quizzes found
Score Distribution
Percent of People with Each Score
Percentile by Number Answered
Your Score History
You have not taken this quiz